000 00344nam a2200133Ia 4500
005 20251222151340.0
008 251222s9999||||xx |||||||||||||| ||spa||
082 _a635.04/P64
100 _aPina Lorca, José Antonio
245 0 _aPropagación de plantas
250 _a1a.ed.
264 _bUniversidad Politécnica de Valencia,
942 _cLIB
999 _c24460
_d24460